Countries With Direct Flights To Both Russia and The United States Of - Statistics

General Stats
  • This quiz has been taken 34 times
  • The average score is 15 of 17
Answer Stats
Continent Country % Correct
Asia China
100%
Asia Qatar
100%
Asia Saudi Arabia
95%
Asia United Arab Emirates
95%
Africa Egypt
90%
Africa Ethiopia
90%
Asia India
90%
Europe/Asia Turkey
90%
Asia Israel
86%
Asia Kuwait
86%
North America Cuba
81%
Asia Jordan
81%
Africa Morocco
81%
Europe Serbia
81%
Asia Vietnam
81%
Asia Uzbekistan
76%
Asia Thailand
71%
No matching quizzes found
Score Distribution
Percent of People with Each Score
Percentile by Number Answered
Your Score History
You have not taken this quiz